000 00786nam a2200217 i 4500
001 45672
003 ES-MaACL
005 20250815062636.0
007 t|
008 030326s1900 sp ||||1| spa d
100 1 _aColombey, Emile.
_939822
245 1 0 _aHistoria anecdótica del duelo en todas las épocas y en todos los paises /
_cEmilio Colombey ; traducción por Luis de Terán.
260 _aMadrid :
_bLa España Moderna,
_c1900 (
_fEstab. tip. de Iodamor Moreno)
300 _a363 p. ;
_c23 cm.
490 1 _aBiblioteca de jurisprudencia, filosofía e historia
650 0 4 _aDuelos.
_911988
700 1 _aTerán, Luis de,
_d1864-1935
_9109725
830 0 0 _aBiblioteca de jurisprudencia, filosofía e historia
_9180691
852 _aES-MaACL
_jF-14899
999 _c45672
_d45672